000 00908 a2200265 4500
005 20180312141948.0
008 131024s2001 sp a br|||| 00| 0 spa d
020 _a8423650413
040 _aCO-BoUCM
_bspa
_cJose A. Gerena
_dJose A. Gerena
041 1 0 _aspa
100 1 _aPallarés, Albert
_948964
245 1 3 _aEl bosque es de todos
_cAlbert Pallarés
250 _a2a ed
260 _c2001
_bEdebé
_aBarcelona (España)
300 _a[30] páginas
_bilustraciones a color
490 _aTren azul
_aPrimeros lectores
_v35
650 7 _918516
_aLibros ilustrados para niños
650 7 _918524
_aLibros y lectura para niños
650 7 _918684
_aLiteratura infantil española
650 7 _99115
_aAnimales en la literatura
690 _942863
_aLiteratura europea
765 _tEl toll és de tots
942 _a18
_cLIBRO
_e2
_mP164
_2DEWEY
_h868.64
_n0
999 _c182717
_d182717